000 00974cam a2200217 4500
001 WB3821-13
008 020612n2002 000 0 eng u
035 _a(Sirsi) u118383
245 _aOFT to study estate agency market
260 _c2002
490 _aOFT Press Release
_v(PN 36/02) 11 June 2002, (1)
520 _aOffice of Fair Trading (OFT) is to undertake a year long study of the estate agency market in England and Wales, a market valued at £4 billion a year. The inquiry will cover all aspects of buying and selling residential property and aims to see whether the market is working well for consumers. http://www.oft.gov.uk/News/Press+releases/2002/PN+36-02+OFT+launches+study+into+estate+agency+market.htm
590 _aWB
650 _aOFT
650 _aOFT
650 _aESTATE AGENTS
650 _aOMBUDSMAN FOR ESTATE AGENTS
650 _aRESIDENTIAL SALES
690 _aPROPERTY-RESIDENTIAL PROPERTY-RESIDENTIAL PROPERTY MARKET
942 _n0
999 _c70464
_d70464